000 00493nam a2200181 i 4500
001 bg
245 0 _aKodeks postępowania w sprawach o wykroczenia :
_bstan prawny na dzień 31 III 1992r.
250 _a[Wyd. 2].
260 _aWarszawa :
_bWydaw. Prawnicze,
_c1992.
300 _a48 s. ;
_c20 cm.
020 _a8321906168
040 _cBPK
041 _apol
080 _a343.3/.7:351](438)(094.4)
920 _a83-219-0616-8
942 _cKS
008 s pl f |000 0 pol
999 _c29879
_d29879
856 _uhttp://koha.tu.koszalin.pl/cgi-bin/koha/opac-detail.pl?biblionumber=29879
_yKatalog online BPK